[Event "Do it quickly #3"]
[Site "SchemingMind.com"]
[Date "2012.11.14"]
[Round "-"]
[White "Majoanis"]
[Black "Michal Drus"]
[Result "1-0"]
[WhiteCountry "CAN"]
[BlackCountry "POL"]
[WhiteElo "1800"]
[WhiteRD "63"]
[BlackElo "1583"]
[BlackRD "64"]
[GameID "321339"]

1. Nf3 d5 2. b3 Bg4 3. Ne5 Bh5 4. g4 f6 5. gxh5 fxe5 6. Bb2 Qd6 7. Bh3 g6 8. e3 Bg7 9. d3 Nf6 10. hxg6 hxg6
11. Bc8 e4 12. Bxb7 Rxh2 13. Rxh2 Qxh2 14. Bxf6 Qg1+ 15. Ke2 Qxd1+ 16. Kxd1 Bxf6 17. d4 e5 18. c3 Kd7 19. dxe5 Bxe5 20. Bxa8
1-0

[Event "Do it quickly #3"]
[Site "SchemingMind.com"]
[Date "2012.11.14"]
[Round "-"]
[White "Michal Drus"]
[Black "Majoanis"]
[Result "0-1"]
[WhiteCountry "POL"]
[BlackCountry "CAN"]
[WhiteElo "1583"]
[WhiteRD "64"]
[BlackElo "1800"]
[BlackRD "63"]
[GameID "321340"]

1. e4 c5 2. Nf3 d6 3. d4 cxd4 4. Nxd4 Nf6 5. Nc3 e6 6. g4 h6 7. h4 Nc6 8. Rg1 h5 9. g5 Ng4 10. Be2 Qb6
11. Bxg4 hxg4 12. Nxc6 bxc6 13. Rxg4 e5 14. Na4 Qa5+ 15. Bd2 Qxa4 16. b3 Bxg4 17. bxa4 Bxd1 18. Rxd1 Be7 19. f4 Rxh4 20. Kf2 O-O-O
21. Rg1 exf4 22. g6 fxg6 23. Rxg6 Bf6
0-1

[Event "Do it quickly #3"]
[Site "SchemingMind.com"]
[Date "2012.11.15"]
[Round "-"]
[White "Scooter"]
[Black "Majoanis"]
[Result "1/2-1/2"]
[WhiteCountry "USA"]
[BlackCountry "CAN"]
[WhiteElo "1774"]
[WhiteRD "54"]
[BlackElo "1846"]
[BlackRD "63"]
[GameID "321491"]

1. d4 d5 2. Nf3 Nf6 3. Bf4 c5 4. e3 cxd4 5. exd4 Nc6 6. Bb5 Qb6 7. Bxc6+ Qxc6 8. c3 Bg4 9. Nbd2 e6 10. h3 Bxf3
11. Nxf3 Bd6 12. Bxd6 Qxd6 13. O-O O-O 14. Re1 b5 15. a4 b4 16. Qb3 bxc3 17. bxc3 Rfc8 18. Nd2 Rab8 19. Qa3 Qxa3 20. Rxa3 h6
21. Rc1 Rb2 22. Rd1 Rc2 23. a5 R2xc3 24. Rxc3 Rxc3 25. Rb1 Ra3 26. Rb8+ Kh7 27. Rb7 Rxa5 28. Rxf7 Ra1+ 29. Kh2 Kg6 30. Re7 a5
31. Rxe6 Ra2 32. Nb3 Rxf2= 33. Nxa5 Rd2 34. Nc6 Kh7 35. Kg1 Kg6 36. g4 Kh7 37. Kh1 Rd1+=
1/2-1/2

[Event "Do it quickly #3"]
[Site "SchemingMind.com"]
[Date "2012.11.15"]
[Round "-"]
[White "Scooter"]
[Black "Michal Drus"]
[Result "1-0"]
[WhiteCountry "USA"]
[BlackCountry "POL"]
[WhiteElo "1775"]
[WhiteRD "47"]
[BlackElo "1596"]
[BlackRD "62"]
[GameID "321492"]

1. d4 d5 2. Nf3 c5 3. Bf4 Nc6 4. e3 Nf6 5. Bb5 e6 6. Ne5 Bd7 7. Nxd7 Qxd7 8. O-O a6 9. Bxc6 Qxc6 10. c3 b5
11. Nd2 c4 12. Re1 Bd6 13. Bxd6 Qxd6 14. e4 Ng4 15. Qxg4 O-O 16. exd5 exd5 17. Re3 Rfe8 18. Rae1 Re6 19. Rxe6 fxe6 20. Qxe6+ Qxe6
21. Rxe6 a5 22. Rd6 Re8 23. Kf1 b4 24. Rxd5 bxc3 25. bxc3 Rb8 26. Nxc4 Rb1+ 27. Ke2 Rc1 28. Kd2 Rf1 29. Rf5 g6 30. Rf3 Rb1
31. d5 Rb5 32. d6 Rd5+ 33. Ke3 Rc5 34. Kd4 Rc8 35. Nxa5 Rf8 36. Rxf8+ Kxf8 37. c4 Ke8 38. c5 Kd7 39. Kd5 h6 40. c6+ Kd8
41. Ke6
1-0

[Event "Do it quickly #3"]
[Site "SchemingMind.com"]
[Date "2012.11.15"]
[Round "-"]
[White "Majoanis"]
[Black "Scooter"]
[Result "1-0"]
[WhiteCountry "CAN"]
[BlackCountry "USA"]
[WhiteElo "1696"]
[WhiteRD "66"]
[BlackElo "1775"]
[BlackRD "47"]
[GameID "321493"]

1. e4 c6 2. d4 d5 3. exd5 cxd5 4. c4 Nf6 5. Nc3 Nc6 6. Bg5 e6 7. Nf3 Bb4 8. Rc1 h6 9. Bxf6 Qxf6 10. Be2 O-O
11. O-O Bxc3 12. Rxc3 a6 13. Rc1 dxc4 14. Rxc4 e5 15. dxe5 Nxe5 16. Nxe5 Qxe5 17. b3 Re8 18. Bf3 Rb8 19. Re4 Qb5 20. Rxe8+ Qxe8
21. Re1 Qd7 22. Qxd7 Bxd7 23. Re7 Bc6 24. Bxc6 bxc6 25. Ra7 Rb6 26. Kf1 c5 27. Ke2 Re6+ 28. Kd3 f5 29. Rc7 Rd6+ 30. Ke3 Rd5
31. Rc6 a5 32. Ra6 Re5+ 33. Kf3 c4 34. bxc4 Rc5 35. Ke3 Rxc4 36. Rxa5 g6 37. Ra7 Rc2 38. a4 Ra2 39. a5 Ra3+ 40. Kf4 Ra2
41. Kg3 g5 42. f3 f4+ 43. Kh3 h5 44. a6 g4+ 45. fxg4 hxg4+ 46. Kxg4 Rxg2+ 47. Kxf4 Rxh2 48. Ke5 Rh6 49. Kd5 Rf6 50. Kc5 Rf5+
51. Kd6 Rf6+ 52. Ke5 Rb6 53. Ra8+ Kf7 54. a7 Ra6 55. Rh8
1-0

[Event "Do it quickly #3"]
[Site "SchemingMind.com"]
[Date "2012.11.15"]
[Round "-"]
[White "Michal Drus"]
[Black "Scooter"]
[Result "0-1"]
[WhiteCountry "POL"]
[BlackCountry "USA"]
[WhiteElo "1596"]
[WhiteRD "62"]
[BlackElo "1775"]
[BlackRD "47"]
[GameID "321494"]

1. e4 c6 2. Nf3 d5 3. Nc3 Bg4 4. h3 Bxf3 5. Qxf3 e6 6. d4 Bb4 7. Qg3 Qf6 8. Bg5 Qxd4 9. Rd1 Qxe4+ 10. Be2 Qxc2
11. Rd2 Bxc3 12. bxc3 Qg6 13. c4 Nf6 14. cxd5 cxd5 15. Bf4 Qxg3 16. Bxg3 Ne4 17. Rb2 Nxg3 18. fxg3 b6 19. Bb5+ Nd7 20. Bxd7+ Kxd7
21. O-O Rac8 22. Rxf7+ Kd6 23. Rxa7 g6 24. Rxb6+ Rc6 25. Rxc6+= Kxc6 26. Ra6+ Kd7 27. Ra7+ Kd6 28. Ra6+ Ke5 29. a4 Rf8 30. a5 d4
31. Rc6 d3 32. Rc1 Kd4 33. a6 d2 34. Rd1 Kc3 35. a7 Kc2 36. Rf1 d1=Q 37. a8=Q Rxa8 38. Rxd1 Kxd1 39. Kf2 Rf8+ 40. Kg1 e5
0-1

[Event "Do it quickly #3"]
[Site "SchemingMind.com"]
[Date "2012.11.17"]
[Round "-"]
[White "APB"]
[Black "Majoanis"]
[Result "0-1"]
[WhiteCountry "ENG"]
[BlackCountry "CAN"]
[WhiteElo "1703"]
[WhiteRD "66"]
[BlackElo "1846"]
[BlackRD "63"]
[GameID "321599"]

1. e4 e5 2. Nf3 Nc6 3. Bc4 Bc5 4. c3 Nf6 5. d3 d6 6. b4 Bb6 7. a4 a6 8. O-O O-O 9. a5 Ba7 10. Bg5 h6
11. Bd2 Ne7 12. d4 exd4 13. Qe2 Nc6 14. Ra3 Bg4 15. h3 Bxf3 16. gxf3 Ne5 17. cxd4 Bxd4 18. Rd1 Nxc4 19. Qxc4 Ba7 20. Be3 Bxe3
21. fxe3 Nh5 22. e5 Qg5+ 23. Qg4 dxe5 24. Qxg5 hxg5 25. Rad3 Nf6 26. Nc3 Rfc8 27. Nd5 Nxd5 28. Rxd5 f6 29. Rd7 c5 30. Rxb7 cxb4
31. Rxb4 Rcb8 32. Rg4 Rb5 33. Kg2 Rxa5 34. h4 gxh4 35. Rxh4 Ra2+ 36. Kg3 Rb8 37. Rdh1 Rbb2 38. Kg4 Ra4+ 39. e4 Rg2+ 40. Kf5 Kf7
0-1

[Event "Do it quickly #3"]
[Site "SchemingMind.com"]
[Date "2012.11.17"]
[Round "-"]
[White "APB"]
[Black "Scooter"]
[Result "1-0"]
[WhiteCountry "ENG"]
[BlackCountry "USA"]
[WhiteElo "1655"]
[WhiteRD "72"]
[BlackElo "1764"]
[BlackRD "51"]
[GameID "321600"]

1. e4 c6 2. d4 d5 3. e5 Bf5 4. Nf3 e6 5. Be2 Nd7 6. O-O c5 7. Be3 cxd4 8. Bxd4 Bc5 9. Bxc5 Nxc5 10. Qd4 b6
11. Na3 Ne7 12. Nh4 Nc6 13. Bb5 Qc7 14. Nxf5 O-O 15. Bxc6
1-0

[Event "Do it quickly #3"]
[Site "SchemingMind.com"]
[Date "2012.11.17"]
[Round "-"]
[White "APB"]
[Black "Michal Drus"]
[Result "1-0"]
[WhiteCountry "ENG"]
[BlackCountry "POL"]
[WhiteElo "1691"]
[WhiteRD "67"]
[BlackElo "1583"]
[BlackRD "64"]
[GameID "321601"]

1. e4 c6 2. d4 d5 3. e5 Bf5 4. Nf3 Nd7 5. Nc3 e6 6. Bd3 Bxd3 7. Qxd3 c5 8. Bg5 Be7 9. Bxe7 Nxe7 10. dxc5 Nxc5
11. Qb5+ Nd7 12. O-O-O Qb6 13. Qxb6 Nxb6 14. Nb5 O-O 15. Nd6 Rab8 16. b3 a5 17. Nd4 a4 18. g4 axb3 19. Nxb3 Na4 20. Nb5 Ra8
21. Rd4 Nc6 22. Rf4 Nb6 23. Kb2 Nc4+ 24. Ka1 Nb4 25. Nc3 Nxc2+ 26. Kb1 N2a3+ 27. Ka1 Nxe5 28. h3 Nd3 29. Rf3 Nb4 30. Rc1 Rfc8
31. Kb2 Nc4+ 32. Ka1 d4 33. Nxd4 Nd2 34. Rg3 Rxc3 35. Rgxc3
1-0

[Event "Do it quickly #3"]
[Site "SchemingMind.com"]
[Date "2012.11.17"]
[Round "-"]
[White "Majoanis"]
[Black "APB"]
[Result "1-0"]
[WhiteCountry "CAN"]
[BlackCountry "ENG"]
[WhiteElo "1846"]
[WhiteRD "63"]
[BlackElo "1703"]
[BlackRD "66"]
[GameID "321602"]

1. e4 c5 2. Nf3 g6 3. d4 Bg7 4. c4 d6 5. Nc3 Nf6 6. Be2 cxd4 7. Nxd4 Nbd7 8. O-O O-O 9. Be3 a6 10. f3 e5
11. Nb3 Qc7 12. Qd2 Kh8 13. Rfd1 Ne8 14. Nd5 Qd8 15. Rac1 Nef6 16. Nxf6 Bxf6 17. Qxd6 Be7 18. Qd2 g5 19. g4 h6 20. Kg2 a5
21. Qc2 Qc7 22. Nd2 Bc5 23. Nf1 f6 24. a3 Kh7 25. Qd2 b6 26. Ng3 Rd8 27. Nh5 Ba6 28. Bxc5 Nxc5 29. Qc2 Kg6 30. Ng3 Rxd1
31. Rxd1 Rb8 32. Nf5 Nb7 33. Rd5 Rd8 34. Qd1 Kh7 35. Rxd8 Nxd8 36. c5 Bxe2 37. cxb6 Qf7 38. Qxd8 Ba6 39. Qe7 Qxe7 40. Nxe7 Bb7
41. Nf5 Kg8 42. Nd6
1-0

[Event "Do it quickly #3"]
[Site "SchemingMind.com"]
[Date "2012.11.18"]
[Round "-"]
[White "Scooter"]
[Black "APB"]
[Result "1-0"]
[WhiteCountry "USA"]
[BlackCountry "ENG"]
[WhiteElo "1775"]
[WhiteRD "47"]
[BlackElo "1665"]
[BlackRD "66"]
[GameID "321603"]

1. d4 Nf6 2. Nf3 d5 3. Bf4 c5 4. e3 Nc6 5. c3 e6 6. Bb5 Qb6 7. Qb3 Bd7 8. Bxc6 Bxc6 9. Nbd2 Qd8 10. O-O Be7
11. Ne5 Nh5 12. Nxc6 bxc6 13. Qb7 O-O 14. Qxc6 Nxf4 15. exf4 Rc8 16. Qa4 Rc7 17. Nf3 Rb7 18. Ne5 Qc7 19. Rab1 Rb6 20. Nd7 Qc6
21. Nxb6
1-0

[Event "Do it quickly #3"]
[Site "SchemingMind.com"]
[Date "2012.11.17"]
[Round "-"]
[White "Michal Drus"]
[Black "APB"]
[Result "0-1"]
[WhiteCountry "POL"]
[BlackCountry "ENG"]
[WhiteElo "1596"]
[WhiteRD "62"]
[BlackElo "1665"]
[BlackRD "66"]
[GameID "321604"]

1. e4 c5 2. Nf3 d6 3. d4 Nf6 4. Bd3 cxd4 5. Nxd4 e5 6. Nf5 g6 7. Ng3 d5 8. Bg5 d4 9. Qf3 Bg7 10. Nd2 Qd6
11. Nc4 Qe6 12. O-O-O b5 13. Bxf6 Bxf6 14. Na5 Ba6 15. Rhe1 Be7 16. Kb1 Nc6 17. Nb3 Nb4 18. h3 Nxd3 19. Nc5 Nxc5 20. Ne2 Bb7
21. Nc1 O-O
0-1

[Event "Do it quickly #3"]
[Site "SchemingMind.com"]
[Date "2012.11.21"]
[Round "-"]
[White "Iucounu"]
[Black "APB"]
[Result "0-1"]
[WhiteCountry "ENG"]
[BlackCountry "ENG"]
[WhiteElo "1474"]
[WhiteRD "56"]
[BlackElo "1665"]
[BlackRD "66"]
[GameID "321776"]

1. e4 e5 2. Nf3 Nc6 3. Bb5 a6 4. Ba4 Nf6 5. O-O Be7 6. Re1 b5 7. Bb3 O-O 8. c3 d5 9. exd5 Nxd5 10. Nxe5 Nxe5
11. Rxe5 c6 12. d4 Bd6 13. Re1 Qh4 14. g3 Qh3 15. Qf3 Bg4 16. Qg2 Qh5 17. Bxd5 Rfe8 18. Rxe8+ Rxe8 19. Bxf7+ Qxf7 20. Bd2 Bd7
21. a4 Qb3 22. Bc1 Re1+
0-1

[Event "Do it quickly #3"]
[Site "SchemingMind.com"]
[Date "2012.11.21"]
[Round "-"]
[White "Iucounu"]
[Black "Majoanis"]
[Result "0-1"]
[WhiteCountry "ENG"]
[BlackCountry "CAN"]
[WhiteElo "1400"]
[WhiteRD "52"]
[BlackElo "1912"]
[BlackRD "60"]
[GameID "321777"]

1. e4 e5 2. Nf3 Nc6 3. Bb5 a6 4. Ba4 Nf6 5. O-O Be7 6. Re1 b5 7. Bb3 d6 8. c3 O-O 9. h3 Na5 10. Bc2 c5
11. d4 Nd7 12. Nbd2 exd4 13. cxd4 Nc6 14. d5 Nce5 15. a4 Rb8 16. axb5 axb5 17. Nxe5 Nxe5 18. Nf3 Bf6 19. Rb1 Nxf3+ 20. Qxf3 Re8
21. Bd2 Bb7 22. Bc3 b4 23. Bxf6 Qxf6 24. b3 Qxf3 25. gxf3 Ra8 26. Ra1 Rxa1 27. Rxa1 Ra8 28. Rxa8+ Bxa8 29. Bd3 f5 30. Kg2 f4
31. Bb5 Bb7 32. h4 Kf7 33. Bd7 Kf6 34. Kh3 Ba6 35. Kg4 Ke5 36. Ba4 Be2 37. h5 h6 38. Be8 Bd1 39. Ba4 c4
0-1

[Event "Do it quickly #3"]
[Site "SchemingMind.com"]
[Date "2012.11.21"]
[Round "-"]
[White "Iucounu"]
[Black "Scooter"]
[Result "0-1"]
[WhiteCountry "ENG"]
[BlackCountry "USA"]
[WhiteElo "1474"]
[WhiteRD "56"]
[BlackElo "1775"]
[BlackRD "47"]
[GameID "321778"]

1. e4 c6 2. d4 d5 3. Nc3 dxe4 4. Nxe4 Bf5 5. Ng3 Bg6 6. h4 h6 7. h5 Bh7 8. Nf3 Nd7 9. Bd3 Bxd3 10. Qxd3 Qc7
11. Bd2 Ngf6 12. O-O-O e6 13. Kb1 O-O-O 14. Ne4 Nc5 15. Nxc5 Bxc5 16. Bc3 Ng4 17. Qe2 Bd6 18. Ne5 Nxe5 19. dxe5 Be7 20. f4 Qb6
21. Rxd8+ Rxd8 22. Rf1 Bc5 23. Rd1 Rxd1+ 24. Qxd1 Be3 25. g3 Bf2 26. Be1 Qe3
0-1

[Event "Do it quickly #3"]
[Site "SchemingMind.com"]
[Date "2012.11.23"]
[Round "-"]
[White "Iucounu"]
[Black "Michal Drus"]
[Result "0-1"]
[WhiteCountry "ENG"]
[BlackCountry "POL"]
[WhiteElo "1409"]
[WhiteRD "52"]
[BlackElo "1614"]
[BlackRD "67"]
[GameID "321779"]

1. e4 c6 2. Nf3 d5 3. Nc3 Bg4 4. h3 Bxf3 5. Qxf3 Nf6 6. d3 d4 7. Ne2 e6 8. Bd2 Qb6 9. b3 Bd6 10. g3 O-O
11. Bg2 Nbd7 12. Nf4 Bb4 13. Qe2 g5 14. O-O-O Qa5 15. Bxb4 Qxb4 16. a4 gxf4 17. g4 b5 18. Qe1 Qa3+ 19. Kd2 bxa4 20. bxa4 Qc3+
21. Ke2 Qxc2+ 22. Rd2 Qc5 23. Qc1 Rfb8 24. Qxc5 Nxc5 25. Ra1 Nb3
0-1

[Event "Do it quickly #3"]
[Site "SchemingMind.com"]
[Date "2012.11.22"]
[Round "-"]
[White "APB"]
[Black "Iucounu"]
[Result "1-0"]
[WhiteCountry "ENG"]
[BlackCountry "ENG"]
[WhiteElo "1691"]
[WhiteRD "67"]
[BlackElo "1420"]
[BlackRD "55"]
[GameID "321780"]

1. e4 e5 2. Nf3 Nc6 3. Bc4 Nf6 4. Ng5 d5 5. exd5 Na5 6. Bb5+ c6 7. dxc6 bxc6 8. Qf3 Rb8 9. Bd3 h6 10. Ne4 Nd5
11. b3 Nf4 12. Bf1 Bf5 13. d3 Qd4 14. Nec3 Bb4 15. Kd1 Bxc3 16. Nxc3 Qxc3 17. Rb1 Qb4 18. Bd2 Qb5 19. d4 h5 20. Qg3 Qd5
21. Qxg7 Ng6 22. Bxa5 Qxa5 23. Bc4 Rb7 24. a4 Re7 25. Re1 e4 26. Qf6 Be6 27. Rxe4 Qf5 28. Rxe6 Qxe6 29. Bxe6 Rxe6 30. Qf5 Kd7
31. Qxf7+ Ne7 32. c3 Rhh6 33. Qf4 Nd5 34. Qd2 Rhg6 35. g3 Ref6 36. c4 Nb6 37. Kc2 Rg5 38. Qxg5 Rxf2+ 39. Kc3 Rxh2 40. Qg7+ Ke6
41. Re1+ Kf5 42. Qe5+
1-0

[Event "Do it quickly #3"]
[Site "SchemingMind.com"]
[Date "2012.11.21"]
[Round "-"]
[White "Majoanis"]
[Black "Iucounu"]
[Result "1-0"]
[WhiteCountry "CAN"]
[BlackCountry "ENG"]
[WhiteElo "1696"]
[WhiteRD "66"]
[BlackElo "1474"]
[BlackRD "56"]
[GameID "321781"]

1. e4 e5 2. Nf3 Nc6 3. Bb5 a6 4. Ba4 b5 5. Bb3 Nf6 6. O-O Bb7 7. d3 d6 8. Ng5 Nd4 9. Nxf7 Qe7 10. Nxh8 Nxb3
11. axb3 g6 12. Nxg6 hxg6 13. Bg5 Bg7 14. Nc3 Bc6 15. Qf3 O-O-O 16. Rxa6 Kd7 17. Qh3+ Qe6 18. Qxe6+ Kxe6 19. Bxf6 Bxf6 20. Rxc6 Kd7
21. Ra6 b4 22. Nd5 Be7 23. Nxe7 Kxe7 24. f4 exf4 25. Rxf4
1-0

[Event "Do it quickly #3"]
[Site "SchemingMind.com"]
[Date "2012.11.21"]
[Round "-"]
[White "Scooter"]
[Black "Iucounu"]
[Result "1-0"]
[WhiteCountry "USA"]
[BlackCountry "ENG"]
[WhiteElo "1775"]
[WhiteRD "47"]
[BlackElo "1474"]
[BlackRD "56"]
[GameID "321782"]

1. d4 Nf6 2. Nf3 d5 3. Bf4 e6 4. e3 c5 5. c3 Nc6 6. Bb5 Bd7 7. O-O Be7 8. Nbd2 O-O 9. h3 a6 10. Bxc6 Bxc6
11. Ne5 Qd7 12. Nxd7 Nxd7 13. Nf3 c4 14. Ne5 Nxe5 15. Bxe5 f6 16. Bg3 b5 17. b3 Rfd8 18. Bc7 Rd7 19. Ba5 Bd8 20. Bxd8 Raxd8
21. Qg4 Rf7 22. Qxe6 Bb7 23. bxc4 dxc4 24. Qb6 Rfd7 25. a4 Rc8 26. axb5 axb5 27. Ra7
1-0

[Event "Do it quickly #3"]
[Site "SchemingMind.com"]
[Date "2012.11.23"]
[Round "-"]
[White "Michal Drus"]
[Black "Iucounu"]
[Result "1/2-1/2"]
[WhiteCountry "POL"]
[BlackCountry "ENG"]
[WhiteElo "1680"]
[WhiteRD "67"]
[BlackElo "1385"]
[BlackRD "52"]
[GameID "321783"]

1. e4 e5 2. Nf3 Nc6 3. d4 exd4 4. Nxd4 Nf6 5. Nxc6 bxc6 6. e5 Qe7 7. f4 d6 8. Nc3 dxe5 9. Qe2 e4 10. Qc4 Bd7
11. a3 Qe6 12. Be3 Qxc4 13. Bxc4 Bd6 14. h3 O-O 15. Rb1 Rfe8 16. Kf2 Be6 17. Bxe6 Rxe6 18. f5 Re5 19. g4 Nd5 20. Nxd5 cxd5
21. Bd4 Re7 22. b4 c6 23. f6 gxf6 24. Bxf6 Re6 25. Bd4 Be5 26. Ke3 a6 27. Bxe5 Rxe5 28. c4 d4+ 29. Kf4 Rae8 30. Rbd1 d3
31. Ke3 f5 32. g5 Rf8 33. Kf4 Re7 34. h4 Kg7 35. Rhe1 Ref7 36. Rd2 Kg6 37. h5+ Kg7 38. a4 h6 39. Rg1 hxg5+ 40. Rxg5+ Kh6
41. b5 cxb5 42. axb5 axb5 43. Rg6+ Kh7 44. cxb5 Re8 45. Rg3 Rg8 46. Rxg8 Kxg8 47. b6 Rb7 48. Kxf5 Rxb6 49. Kxe4 Rd6 50. Ke3=
1/2-1/2

[Event "Do it quickly #3"]
[Site "SchemingMind.com"]
[Date "2012.11.21"]
[Round "-"]
[White "dadshane2000"]
[Black "APB"]
[Result "1-0"]
[WhiteCountry "USA"]
[BlackCountry "ENG"]
[WhiteElo "2024"]
[WhiteRD "93"]
[BlackElo "1665"]
[BlackRD "66"]
[GameID "321798"]

1. e4 e5 2. Nf3 Nc6 3. Bb5 a6 4. Ba4 Nf6 5. O-O Be7 6. Re1 O-O 7. c3 b5 8. Bb3 d6 9. h3 h6 10. d4 Na5
11. Bc2 Bb7 12. dxe5 Nd7 13. exd6 cxd6 14. Nbd2 Bf6 15. Nf1 Qc7 16. Ng3 Nc4 17. Nd4 Nce5 18. Ndf5 Rad8 19. Bxh6 gxh6 20. Qh5 Bg7
21. Nxh6+ Bxh6 22. Qxh6 Nb6 23. f4 Nec4 24. e5 Rfe8 25. Nh5
1-0

[Event "Do it quickly #3"]
[Site "SchemingMind.com"]
[Date "2012.11.21"]
[Round "-"]
[White "dadshane2000"]
[Black "Majoanis"]
[Result "1/2-1/2"]
[WhiteCountry "USA"]
[BlackCountry "CAN"]
[WhiteElo "1978"]
[WhiteRD "84"]
[BlackElo "1912"]
[BlackRD "60"]
[GameID "321799"]

1. e4 e5 2. Nf3 Nc6 3. Bb5 a6 4. Ba4 Nf6 5. O-O Be7 6. Re1 b5 7. Bb3 d6 8. c3 O-O 9. h3 Na5 10. Bc2 c5
11. d4 Nd7 12. Nbd2 exd4 13. cxd4 Nc6 14. d5 Nce5 15. a4 Rb8 16. axb5 axb5 17. Nh2 Bf6 18. f4 Ng6 19. Ndf3 Re8 20. Ra2 Bb7
21. Be3 Ra8 22. Rxa8 Qxa8 23. b3 Bc3 24. Bd2 Bxd2 25. Qxd2 Nf6 26. g4 h6 27. h4 h5 28. g5 Nd7 29. f5 Nge5 30. g6 fxg6
31. Nxe5 Nxe5 32. fxg6 Qd8 33. Qf2 Qf6 34. Qg3 Qxg6 35. Qxg6 Nxg6 36. Nf3 Ne5 37. Ng5 c4 38. bxc4 bxc4 39. Bd1 g6 40. Ne6 Rxe6
41. dxe6 Kf8 42. Kg2 Ke7 43. Kg3 Kxe6 44. Bc2 Nd3 45. Bxd3 cxd3 46. Kf4 Bc6 47. Ke3 Ke5 48. Kxd3 Bb5+ 49. Ke3 Bc6 50. Kf3 Bb7
51. Re3 Bc6=
1/2-1/2

[Event "Do it quickly #3"]
[Site "SchemingMind.com"]
[Date "2012.11.21"]
[Round "-"]
[White "dadshane2000"]
[Black "Scooter"]
[Result "1-0"]
[WhiteCountry "USA"]
[BlackCountry "USA"]
[WhiteElo "1989"]
[WhiteRD "86"]
[BlackElo "1774"]
[BlackRD "54"]
[GameID "321800"]

1. e4 c6 2. d4 d5 3. Nc3 dxe4 4. Nxe4 Bf5 5. Nc5 b6 6. Nb3 e6 7. Nf3 Nf6 8. g3 Be7 9. Bg2 h6 10. O-O O-O
11. Ne5 Be4 12. f3 Bh7 13. Re1 Nfd7 14. f4 Nxe5 15. fxe5 Qc7 16. c3 Nd7 17. Be4 Bxe4 18. Rxe4 Rad8 19. Qe2 c5 20. Be3 cxd4
21. cxd4 Qb7 22. Qg4 f5 23. exf6 Nxf6 24. Qxe6+ Rf7 25. Rf4 Rd6 26. Qc4 Rc6 27. Qd3 Nd5 28. Rxf7 Kxf7 29. Rf1+ Kg8 30. Bd2 Bf6
31. Bxh6 gxh6 32. Qg6+ Qg7 33. Qe8+ Kh7 34. Qe4+ Kh8 35. Qxd5 Rc8 36. Kg2 Rc2+ 37. Rf2 Rc7 38. Qa8+ Kh7 39. Qe4+ Kg8 40. Qe6+ Rf7
41. d5 Bxb2 42. Qe8+ Rf8 43. Rxf8+ Qxf8 44. Qxf8+ Kxf8 45. Nd2 Ke7 46. Ne4 b5 47. Kf3 a5 48. Ke3 a4 49. Kd3 Kd7 50. Nc3 Kd6
51. Nxb5+ Kxd5 52. Nc3+ Ke5 53. Nxa4
1-0

[Event "Do it quickly #3"]
[Site "SchemingMind.com"]
[Date "2012.11.22"]
[Round "-"]
[White "dadshane2000"]
[Black "Iucounu"]
[Result "1-0"]
[WhiteCountry "USA"]
[BlackCountry "ENG"]
[WhiteElo "1995"]
[WhiteRD "89"]
[BlackElo "1420"]
[BlackRD "55"]
[GameID "321802"]

1. e4 e5 2. Nf3 Nc6 3. Bb5 a6 4. Ba4 b5 5. Bb3 Nf6 6. O-O Bb7 7. d3 Bc5 8. Nc3 O-O 9. a4 h6 10. axb5 axb5
11. Rxa8 Bxa8 12. Nxb5 d6 13. Qe1 Qb8 14. Bc4 Bb6 15. b4 Ne7 16. c3 c6 17. Na3 c5 18. b5 Nh7 19. Nc2 Ng6 20. Ne3 Qc7
21. Nd5 Bxd5 22. Bxd5 Nf6 23. Bc6 Ne7 24. Nh4 Nxc6 25. bxc6 Qxc6 26. Nf5 c4 27. Ne7+
1-0

[Event "Do it quickly #3"]
[Site "SchemingMind.com"]
[Date "2012.11.21"]
[Round "-"]
[White "APB"]
[Black "dadshane2000"]
[Result "1-0"]
[WhiteCountry "ENG"]
[BlackCountry "USA"]
[WhiteElo "1665"]
[WhiteRD "66"]
[BlackElo "2024"]
[BlackRD "93"]
[GameID "321803"]

1. e4 c5 2. Nf3 d6 3. d4 cxd4 4. Nxd4 Nf6 5. Nc3 a6 6. Be3 Nbd7 7. Be2 e6 8. O-O Be7 9. f4 O-O 10. e5 dxe5
11. fxe5 Nxe5 12. Nf3 Qc7 13. Bf4 Qc5+ 14. Kh1 Nc4 15. Na4 Qc6 16. b3 Nb6 17. Nd4
1-0

[Event "Do it quickly #3"]
[Site "SchemingMind.com"]
[Date "2012.11.21"]
[Round "-"]
[White "Majoanis"]
[Black "dadshane2000"]
[Result "1-0"]
[WhiteCountry "CAN"]
[BlackCountry "USA"]
[WhiteElo "1800"]
[WhiteRD "63"]
[BlackElo "1995"]
[BlackRD "89"]
[GameID "321804"]

1. e4 c5 2. Nf3 d6 3. d4 cxd4 4. Nxd4 Nf6 5. Nc3 a6 6. Be2 e5 7. Nb3 Be7 8. O-O Be6 9. f4 Qc7 10. a4 Nbd7
11. Kh1 O-O 12. a5 exf4 13. Bxf4 Ne5 14. Nd4 Rac8 15. Bg5 Bc4 16. Nf5 Rfe8 17. Nxe7+ Qxe7 18. Bxc4 Nxc4 19. Nd5 Qxe4 20. Bxf6
1-0

[Event "Do it quickly #3"]
[Site "SchemingMind.com"]
[Date "2012.11.21"]
[Round "-"]
[White "Scooter"]
[Black "dadshane2000"]
[Result "1/2-1/2"]
[WhiteCountry "USA"]
[BlackCountry "USA"]
[WhiteElo "1769"]
[WhiteRD "52"]
[BlackElo "1995"]
[BlackRD "89"]
[GameID "321805"]

1. d4 Nf6 2. Bf4 g6 3. Nf3 Bg7 4. e3 d6 5. Be2 O-O 6. O-O c5 7. c3 Qb6 8. Qb3 Nbd7 9. Nbd2 Qxb3 10. Nxb3 b6
11. Rac1 Nd5 12. Bg3 f5 13. Ng5 N7f6 14. Bf3 c4 15. Nd2 b5 16. e4 fxe4 17. Ngxe4 Be6 18. Ng5 Bf5 19. Rfe1 Bh6 20. h4 Rab8
21. Rcd1 Rfe8 22. Bxd5+ Nxd5 23. Ngf3 Bg4 24. Re4 Nf6 25. Ree1 Bxd2 26. Rxd2 Bxf3 27. gxf3 Rbd8 28. Rde2 Kf7 29. Bf4 Nd5 30. Bg3 e6
31. Kf1 Kf6 32. Kg2 Kf5 33. Re4 Kf6 34. Kf1= Kf5 35. Kg2 Kf6=
1/2-1/2

[Event "Do it quickly #3"]
[Site "SchemingMind.com"]
[Date "2012.11.23"]
[Round "-"]
[White "Michal Drus"]
[Black "dadshane2000"]
[Result "1-0"]
[WhiteCountry "POL"]
[BlackCountry "USA"]
[WhiteElo "1614"]
[WhiteRD "67"]
[BlackElo "1989"]
[BlackRD "86"]
[GameID "321806"]

1. e4 c5 2. Nf3 d6 3. d4 cxd4 4. Nxd4 Nf6 5. Nc3 a6 6. Be3 Nbd7 7. Be2 e6 8. O-O b5 9. f3 Bb7 10. a4 b4
11. Na2 d5 12. Qd2 dxe4 13. Nxb4 Bc5 14. Nb3 Bxe3+ 15. Qxe3 a5 16. Nc5 Nxc5 17. Qxc5 axb4 18. Bb5+ Nd7 19. Rad1 Rc8 20. Bxd7+ Qxd7
21. Rxd7 Rxc5 22. Rxb7 O-O 23. fxe4 Rxc2 24. Rxb4 Rfc8 25. Rb7 f6 26. Rd1 R2c7 27. Rxc7 Rxc7 28. a5 Kf7 29. b4 Ke7 30. a6 Ra7
31. b5
1-0

[Event "Do it quickly #3"]
[Site "SchemingMind.com"]
[Date "2012.11.22"]
[Round "-"]
[White "Iucounu"]
[Black "dadshane2000"]
[Result "0-1"]
[WhiteCountry "ENG"]
[BlackCountry "USA"]
[WhiteElo "1420"]
[WhiteRD "55"]
[BlackElo "1995"]
[BlackRD "89"]
[GameID "321807"]

1. e4 c5 2. Nf3 d6 3. d4 cxd4 4. Nxd4 Nf6 5. Nc3 a6 6. Bg5 e6 7. f4 Qc7 8. Qf3 Be7 9. O-O-O Nc6 10. Nxc6 Qxc6
11. Bd3 b5 12. h3 h6 13. Bh4 Bb7 14. a3 Qc7 15. Qe3 O-O 16. Rhg1 Rfd8 17. g4 Nh7 18. Bxe7 Qxe7 19. g5 hxg5 20. fxg5 d5
21. exd5 e5
0-1

[Event "Do it quickly #3"]
[Site "SchemingMind.com"]
[Date "2012.11.22"]
[Round "-"]
[White "lennart"]
[Black "dadshane2000"]
[Result "0-1"]
[WhiteCountry "SWE"]
[BlackCountry "USA"]
[WhiteElo "1491"]
[WhiteRD "54"]
[BlackElo "2024"]
[BlackRD "93"]
[GameID "321862"]

1. e4 c5 2. Nc3 Nc6 3. Nf3 d6 4. Bd3 Bg4 5. a3 Nd4 6. h3 Bxf3 7. gxf3 a6 8. Bc4 e6 9. d3 Be7 10. h4 Bxh4
11. Be3 g5 12. Kd2 b5 13. Ba2 Qf6 14. Rh3 h5 15. Qh1 Ne7 16. Ne2 Nxe2 17. Kxe2 Ng6 18. f4 Qxb2 19. Kd2 Qxa3 20. f5 Ne5
21. fxe6 Qb4+ 22. Ke2 fxe6 23. Rf3 Nxf3 24. Qxf3 Ke7 25. Kf1 Qb2 26. Re1 Raf8 27. Qg2 Qxa2 28. e5 Qd5 29. exd6+ Kxd6 30. Qg1 Rf5
31. Rd1 Rhf8
0-1